000 01608nam a2200457 c 4500
001 21526
003 ES-MaCES
005 20141221122730.0
008 081006s2007 sp t o000 | spa d
017 _aSE 4725-2007
_bDL
020 _a8480082402
020 _a9788480082402
024 7 _a602-07-015-68
_2nipo
035 _aCES20080009830m
040 _aES-MaCES
_bspa
_cES-MaCES
245 0 3 _aLa financiación del estado de las autonomías
_b: perspectivas de futuro
_cdir. e introducción, Santiago Lago Peñas ; autores, Díaz de Sarralde, Santiago ... [et al.]
260 _aMadrid
_bInstituto de Estudios Fiscales
_c2007
300 _a441 p.
_c24 cm
490 1 _aEstudios de hacienda pública
504 _aBibliografía
541 _cCompra
650 4 _afinanciación
_928125
650 4 _agobierno regional
_929907
650 4 _aadministración financiera
_927208
650 4 _aadministración fiscal
_927209
650 4 _atributación
_928093
650 4 _areforma tributaria
_928091
650 4 _adescentralización
_927218
650 4 _adistribución del gasto
_930938
650 4 _adistribución del ingreso
_927109
650 4 _aEspaña
_926964
650 4 _aComunidades Autónomas
_930768
653 1 0 _aAdministración-Instituciones públicas
700 1 _aDíaz de Sarralde, Santiago
_910681
700 1 _aLago Peñas, Santiago
_edir.
_916078
710 2 _aInstituto de Estudios Fiscales (Madrid)
_eed.
_94158
830 0 _aEstudios de hacienda pública
_932240
902 _aLIB Libro
942 _2CES
_cBK
_h6.3.
999 _c21526
_d21526